|
|
|
|
| LEADER |
03787nam a2200709 i 4500 |
| 001 |
nkc20213312498 |
| 003 |
CZ PrNK |
| 005 |
20210716090753.0 |
| 007 |
ta |
| 008 |
210507s2021 xr a g 000 j cze |
| 015 |
|
|
|a cnb003312498
|
| 020 |
|
|
|a 978-80-88262-14-5
|q (brožováno) :
|c Kč 319,00
|
| 035 |
|
|
|a (OCoLC)1263283912
|
| 040 |
|
|
|a ABG001
|b cze
|d ABA001
|e rda
|
| 041 |
1 |
|
|a cze
|h chi
|
| 045 |
|
|
|a x-y-
|
| 072 |
|
7 |
|a 821.58
|x Sino-tibetské literatury
|2 Konspekt
|9 25
|
| 080 |
|
|
|a 821.581(529)-32
|2 MRF
|
| 080 |
|
|
|a 821.581(529)-3
|2 MRF
|
| 080 |
|
|
|a (0:82-32)
|2 MRF
|
| 080 |
|
|
|a (082.21)
|2 MRF
|
| 080 |
|
|
|a (0.072)
|2 MRF
|
| 100 |
1 |
|
|a Tong, Weige,
|d 1977-
|7 xx0260507
|4 aut
|
| 245 |
1 |
0 |
|a Vzpomínky a sny na obratníku Raka :
|b výbor moderní tchajwanské prózy : sbírka doplněná odbornými komentáři /
|c Tchung Wej-ke, Lü Che-žuo, Syaman Rapongan, Walis Nokan, Jang Čao, Li Jü, Čchiou Miao-ťin, Luo I-ťin, Wu Ming-i, Chuang Čchung-kchaj ; z čínštiny přeložili: Pavlína Krámská, Jana Heřmanová, Jana Šimonová, Petr Janda, František Reismüller
|
| 246 |
3 |
0 |
|a Výbor moderní tchajwanské prózy
|
| 264 |
|
1 |
|a Jablonné v Podještědí :
|b Mi:Lù Publishing,
|c 2021
|
| 300 |
|
|
|a 447 stran :
|b ilustrace ;
|c 20 cm
|
| 336 |
|
|
|a text
|b txt
|2 rdacontent
|
| 337 |
|
|
|a bez média
|b n
|2 rdamedia
|
| 338 |
|
|
|a svazek
|b nc
|2 rdacarrier
|
| 490 |
1 |
|
|a Wen
|
| 520 |
2 |
|
|a Komentovaný výbor mapuje cestu moderní tchajwanskou literaturou od japonského koloniálního období až po současnost.
|b V kontextu moderní světové literatury se do výboru zařazené povídky zaměřují na psychologii postav i kolektivní paměť ostrova. Střídají perspektivy jeho obyvatel a z fragmentů budují celistvou atmosféru vzpomínek sdílených napříč generacemi. Tento výbor tchajwanských povídek si klade za cíl jednak představit tvorbu u nás dosud neznámých tchajwanských autorů, jednak navázat na předcházející překlady tchajwanské literatury, které vyšly v České republice po roce 2000. Každá povídka je opatřena interpretačním komentářem, v němž je představena v širších souvislostech života a díla svého autora i v kulturním a historickém kontextu. Nakladatelská anotace.
|
| 648 |
|
7 |
|a 20.-21. století
|7 ch462155
|2 czenas
|
| 650 |
0 |
7 |
|a tchaj-wanská próza
|7 ph390004
|y 20.-21. století
|2 czenas
|
| 650 |
0 |
9 |
|a Taiwan prose literature
|y 20th-21st centuries
|2 eczenas
|
| 655 |
|
7 |
|a tchaj-wanské povídky
|7 fd118695
|2 czenas
|
| 655 |
|
7 |
|a antologie
|7 fd131819
|2 czenas
|
| 655 |
|
7 |
|a komentovaná vydání
|7 fd132577
|2 czenas
|
| 655 |
|
9 |
|a Taiwan short stories
|2 eczenas
|
| 655 |
|
9 |
|a anthology
|2 eczenas
|
| 655 |
|
9 |
|a annotated editions
|2 eczenas
|
| 700 |
1 |
|
|a Lü, Heruo,
|d 1914-1951
|7 xx0260509
|4 aut
|
| 700 |
1 |
|
|a Xiaman, Lanboan,
|d 1957-
|7 xx0219091
|4 aut
|
| 700 |
1 |
|
|a Walisi, Yougan,
|d 1961-
|7 xx0260481
|4 aut
|
| 700 |
1 |
|
|a Yang, Zhao,
|d 1963-
|7 jo20010086816
|4 aut
|
| 700 |
1 |
|
|a Li, Yu,
|d 1944-2014
|7 xx0260512
|4 aut
|
| 700 |
1 |
|
|a Qiu, Miaojin,
|d 1969-1995
|7 xx0260513
|4 aut
|
| 700 |
1 |
|
|a Luo, Yijun,
|d 1967-
|7 jo2016898274
|4 aut
|
| 700 |
1 |
|
|a Wu, Ming-Yi,
|d 1971-
|7 xx0207935
|4 aut
|
| 700 |
1 |
|
|a Huang, Chongkai,
|d 1981-
|7 xx0260516
|4 aut
|
| 700 |
1 |
|
|a Krámská, Pavlína,
|d 1978-
|7 kv2013799395
|4 trl
|4 wfw
|4 waw
|4 cwt
|
| 700 |
1 |
|
|a Heřmanová, Jana,
|d 1978-
|7 xx0236502
|4 trl
|
| 700 |
1 |
|
|a Šimonová, Jana,
|d 1981-
|7 xx0053514
|4 trl
|4 cwt
|
| 700 |
1 |
|
|a Janda, Petr,
|d 1976-
|7 xx0126419
|4 trl
|
| 700 |
1 |
|
|a Reismüller, František,
|d 1983-
|7 osa2013799957
|4 trl
|
| 830 |
|
0 |
|a Wen
|0 s
|
| 910 |
2 |
|
|a BOA001
|b 1-1465.462
|
| 920 |
|
|
|a 4594240
|z ABG001
|
| 990 |
|
|
|a BK
|
| 995 |
|
|
|a 01
|
| 991 |
|
|
|b 202106
|c NOV
|
| 996 |
6 |
|
|b 2610866796
|c 1-1465.462
|l MZK
|r Sklad / do 1 hodiny
|n 3
|p p.v.
|w 001853308
|u 000010
|a 1
|e BOA001
|j MZK50
|s P
|